000 00478nam a2200169Ia 4500
999 _c34023
_d34023
003 OSt
005 20201218105208.0
008 190216s9999||||xx |||||||||||||| ||und||
040 _coclc
082 _a530.12
_bPRA/Q
100 _aPrakash, Satya
_94155
245 0 _aQuantum Mechanics /
_cSatya Prakash
260 _bKadar Nath Ram Nath And Co,
_aMeerut:
_c2007.
300 _a648p
650 _aPhysics
942 _cBK
_2ddc
_h530.12
_iPRA/Q
_k530.12
_mPRA/Q